000 00282nam a22001337a 4500
020 _a978-0444641922
041 _aENG
100 _aChalal.D.S
245 _aFood Feed And Fuel From Biomass
260 _aDelhi
_bIBM
_c1991
300 _a467
650 _aAPE(2)
856 _uAPE ( 2 )
999 _c3165
_d3165